000 00826nam a2200253Ia 4500
003 OSt
005 20220925230913.0
006 a|||||r|||| 00| 0
007 ta
008 220923b |||||||| |||| 00| 0 eng d
020 _a9781412946933
_c1226.79
037 _b352, 29/12/2008, Bharatiya Sahitya Bhavana
_cGeneral Book
040 _aRTL
_cRTL
_beng
041 _2eng
_aeng
082 _aD6,9(B)b4, P8
100 _aHahn Christopher
_9294540
245 0 _aDoing qualitative research using your computer
_b A practical guide
260 _aLos
_bangles Sage publications
_c2008
300 _a224p.
_ccm.
500 _aBibliography P 216-17
650 _aGeography
942 _hD6,9(B)b4, P8
_cGB
_2CC
999 _c586806
_d586806